Production efficiency in cultivar combinations of beet and cowpea (Registro n. 337962)
[ somente texto ]
| 000 -LÍDER | |
|---|---|
| fixed length control field | 05353nab a2200361 i 4500 |
| 003 - CÓDIGO MARC DA AGÊNCIA CATALOGADORA | |
| Campo de controle | BR-BrBNA |
| 005 - DATA E HORA DA ÚLTIMA ATUALIZAÇÃO | |
| Campo de controle | 20250903160603.0 |
| 008 - CAMPO DE TAMANHO FIXO | |
| fixed length control field | 250903b2020 bl.qr|pooa||| 00| 0 eng | |
| 040 ## - FONTE DA CATALOGAÇÃO | |
| Agência catalogadora | BR-BrBNA |
| Idioma da catalogação | eng |
| 072 ## - CATEGORIA AGRIS | |
| Código AGRIS | F08 |
| Código do objeto | 1440 |
| 072 ## - CATEGORIA AGRIS | |
| Código AGRIS | F30 |
| Código do objeto | 1520 |
| 100 ## - ENTRADA PRINCIPAL - NOME PESSOAL | |
| Código relacionador | F01 |
| Nome pessoal | Ribeiro, Jeisy RS |
| 100 ## - ENTRADA PRINCIPAL - NOME PESSOAL | |
| Nome pessoal | Bezerra Neto, Francisco |
| 100 ## - ENTRADA PRINCIPAL - NOME PESSOAL | |
| Nome pessoal | Lima, Jailma SS |
| 100 ## - ENTRADA PRINCIPAL - NOME PESSOAL | |
| Nome pessoal | Chaves, Aridênia P |
| 100 ## - ENTRADA PRINCIPAL - NOME PESSOAL | |
| Nome pessoal | Silva, Josimar N |
| 100 ## - ENTRADA PRINCIPAL - NOME PESSOAL | |
| Nome pessoal | Santos, Elizangela C |
| 100 ## - ENTRADA PRINCIPAL - NOME PESSOAL | |
| Nome pessoal | Nunes, Renato LC |
| 245 ## - TÍTULO PRINCIPAL | |
| Título principal | Production efficiency in cultivar combinations of beet and cowpea |
| 500 ## - NOTA GERAL | |
| Nota geral | <br/>Publicação online; 23 ref.; 3 tables; Summaries (En, Pt) |
| 942 ## - ADDED ENTRY ELEMENTS (KOHA) | |
| Koha item type | Analítica |
| 520 ## - NOTA DE RESUMO | |
| Nota de conteúdo | <br/><br/><br/>ABSTRACT: For the simultaneous achievement of productivity in beet and cowpea associations, it is necessary to take into consideration the choice of cultivar combinations that offer a response in terms of production, product quality and efficiency of the intercropping. Thus, the objective of this work was to evaluate the viability of production of beet cultivars combinations with cowpea cultivars in two cropping years (2016 and 2017) in a semi-arid environment. The treatments arranged in a 2 x 4 factorial scheme, with four replications, consisted of the combination of two beet cultivars (Early Wonder and Fortuna) with four cowpea cultivars (BRS Tumucumaque, BRS Cauamé, BRS Guariba and BRS Itaim), in addition to monocultures of these cultivars, as an additional treatment. The experimental design used was in randomized complete blocks. The production and its components were evaluated in the beet and cowpea. Apart from these characteristics, the following agro-economic indicators were also determined for each treatment: system productivity index (SPI), the land equivalent coefficient (LEC), and the monetary equivalent ratio (MER). The productive variables of cowpea and of the agroeconomic indicators of the intercropping systems were higher in the second cropping year (2017), while the productive variables of beet were higher in the first cropping year (2016). The Early Wonder and Fortuna cultivars when in intercropping with the cowpea cultivars had similar commercial productivities of roots (11.29 and 11.93 t ha-1), respectively. The cowpea cultivar BRS Tumucumaque (1.38 t ha-1) was the most productive when intercropped with beet. The combinations of cultivars that had the highest agro-economic efficiencies and complementarity were those originated from the associations of BRS Tumucumaque (SPI = 18.43, LEC = 0.52 and MER = 1.42) and BRS Guariba (SPI = 18.42, LEC = 0.52 and MER = 1.48) with the Early Wonder beet cultivar. <br/><br/><br/>Keywords: Beta vulgaris, Vigna unguiculata, Calotropis procera, crop association, semi-arid environment. |
| 520 ## - NOTA DE RESUMO | |
| Nota de conteúdo | <br/><br/><br/>RESUMO: Para a obtenção simultânea de alta produtividade, qualidade do produto e eficiência em associações como a de beterraba e feijãocaupi, é necessário levar em consideração a escolha de combinações de cultivares. Assim, o objetivo deste trabalho foi avaliar a viabilidade de produção de combinações de cultivares de beterraba com cultivares de feijão-caupi em dois anos de cultivos (2016 e 2017), em ambiente semiárido. Os tratamentos dispostos em esquema fatorial 2 x 4, foram provenientes da combinação de duas cultivares de beterraba (Early Wonder e Fortuna) e quatro de feijão-caupi (BRS Tumucumaque, BRS Cauamé, BRS Guariba e BRS Itaim), além dos monocultivos dessas cultivares, como tratamento adicional. O delineamento experimental usado foi em blocos completos casualizados, com quatro repetições. Foram avaliados a produção e seus componentes da beterraba e no feijão-caupi, além dos indicadores agroeconômicos: índice de produtividade do sistema (IPS), coeficiente equivalente de terra (CET) e razão de equivalência monetária (REM). As variáveis produtivas do feijão-caupi e dos indicadores agroeconômicos dos sistemas consorciados foram mais altas no segundo ano agrícola (2017), enquanto que as variáveis produtivas da beterraba foram maiores no primeiro ano agrícola (2016). As cultivares Early Wonder e Fortuna, quando consorciadas com as cultivares de feijão-caupi, apresentaram produtividades comerciais de raízes similares (11,29 e 11,93 t ha-1, respectivamente). A cultivar de feijão-caupi BRS Tumucumaque foi a mais produtiva (1,38 t ha-1), quando consorciada com a beterraba. As combinações de cultivares que apresentaram as maiores eficiências agroeconômicas e complementaridade foram aquelas provenientes das associações de BRS Tumucumaque (IPS = 18,43, CET = 0,52 e REM = 1,42) e BRS Guariba (IPS = 18,42, CET = 0,52 e REM = 1,48) com a cultivar de beterraba Early Wonder.<br/><br/><br/>Palavras-chaves: Beta vulgaris, Vigna unguiculata, Calotropis procera, consorciação, semiárido. |
| 650 ## - ASSUNTO - THESAGRO | |
| Cabeçalho tópico ou nome geográfico | BETERRABA |
| 650 ## - ASSUNTO - THESAGRO | |
| Cabeçalho tópico ou nome geográfico | FEIJÃO-DE-CORDA |
| 650 ## - ASSUNTO - THESAGRO | |
| Cabeçalho tópico ou nome geográfico | VARIEDADE |
| 650 ## - ASSUNTO - THESAGRO | |
| Cabeçalho tópico ou nome geográfico | SISTEMA DE CULTIVO |
| 650 ## - ASSUNTO - THESAGRO | |
| Cabeçalho tópico ou nome geográfico | CONSORCIAÇÃO DE CULTURA |
| 650 ## - ASSUNTO - THESAGRO | |
| Cabeçalho tópico ou nome geográfico | PRODUTIVIDADE |
| 773 0# - ENTRADA ANALÍTICA | |
| Host Biblionumber | 1047 |
| Registro do item | 357567 |
| Imprenta | Brasília-DF Sociedade de Olericultura do Brasil 1983 |
| Outro identificador | 2025-5532 |
| Título | Horticultura Brasileira (Brazil) |
| ISSN | 0102-0536 |
| Colação | v. 38(4) p. 445-453; (2020) |
| Número de controle de registro | BR2025001858 |
| 856 ## - ACESSO E ENDEREÇO ELETRÔNICO | |
| Identificador uniforme de recurso - URI | https://www.scielo.br/j/hb/a/MztW9hbJKY8tsw4Dq6Tz8tH/?format=pdf&lang=en |
Nenhum exemplar disponível.

BINAGRI